000
00339 a2200145 4500
001
154004
040
_c
Escola São Tomás de Aquino
100
_a
ROLIM, Jeanine
240
1
0
_a
Bulling sem blá-blá-blá
_l
por
245
1
0
_a
Bulling sem blá-blá-blá
362
0
_a
2013
440
1
_a
Intersaberes
697
_a
Educação
942
_c
BK
999
_c
154004
_d
154004